| 000 | 00559nam a2200229Ia 4500 | ||
|---|---|---|---|
| 003 | GCL | ||
| 008 | 140319s9999 xx 000 0 eng d | ||
| 040 |
_aGCL / _cGCL |
||
| 082 | 0 | 4 |
_aCC _b551.483 _bS S |
| 100 | 1 | _aSAID, RUSHDI | |
| 245 | 1 | 0 |
_aTHE GEOLOGY OF EGYPT / _cSAID, RUSHDI |
| 260 |
_a[S.N] : _bEGYPTIAN GENERAL PETROLEUM CORP ، _c1990 |
||
| 300 | _a734 | ||
| 650 | 0 | 4 | _aRESEARCH |
| 650 | 0 | 4 | _aEGYPT |
| 650 | 0 | 4 | _aHISTORY |
| 650 | 0 | 4 | _aSINAI |
| 650 | 0 | 4 | _aGEOLOGY |
| 650 | 0 | 4 | _aEASTERN DESERT |
| 650 | 0 | 4 | _aWESTERN DESERT |
| 942 |
_2ddc _cBK |
||
| 999 |
_c11251 _d11251 |
||